All the Geography I know by Letter-K - Statistics

General Stats
  • This quiz has been taken 52 times
  • The average score is 17 of 35
Answer Stats
Hint Answer % Correct
U.s State Kansas
91%
U.s State Kentucky
89%
Country in Central Asia Kazakhstan
83%
Country in the Balkans Kosovo
83%
Capital of Democratic Republic of the Congo Kinshasa
80%
City in Japan Kyoto
80%
Biggest city in the Above Kansas City
77%
Capital of Sudan Khartoum
77%
Capital of Ukraine Kiev
77%
Country in Central Asia Kyrgyzstan
77%
Capital of Uganda Kampala
74%
Country in Eastern Africa Kenya
74%
Capital of Rwanda Kigali
69%
City in Pakistan Karachi
66%
City in Nigeria Kano
60%
City in Ukraine Kharkiv
57%
City in Japan Kobe
46%
City in Russia Kazan
43%
City in Taiwan Kaohsiung
40%
City in Russia Krasnoyarsk
40%
Irish County Kerry
37%
City in Ghana Kumasi
34%
City in Slovakia Kosice
31%
City in Russia Krasnodar
31%
City in Iraq Kirkuk
26%
City in Lithuania Klaipeda
26%
City in Turkey Konya
26%
City in Bangladesh Khulna
23%
Region of the D.R.C Kongo
23%
City in Iceland Kopavogur
23%
City in South Africa Kimberley
20%
City in Finland Kuopio
20%
Region of D.R.C Kivu
17%
City in Albania Korce
14%
Hawaiian Island Kauii
11%
No matching quizzes found
Score Distribution
Percent of People with Each Score
Percentile by Number Answered
Your Score History
You have not taken this quiz